000 00677nam a22002292 4500
001 0000024556
005 20151217154512.0
008 140107s xx 000 0 eng d
020 _a0199571673 :
040 _aKABU
_cKABU
100 1 _aSnape, John.
_@0000184836
245 1 0 _aHow to moot :
_ba student guide to mooting /
_cJohn Snape.
250 _a2nd ed.
260 _aOxford :
_bO. U. P.,
_c2010.
300 _axxiii, 244 p.
650 0 _aMoot courts.
_@0000181572
650 0 _aLaw
_xStudy and teaching.
_@0000181571
650 0 _aCase
_xMethod.
_@0000184837
852 1 _9p2970 KES
908 _a140107
950 _@1
999 _c11575
_d11575